[Event "Zagreb Superbet Blitz"]
[Site "Zagreb"]
[Date "2025.07.06"]
[Round "11"]
[White "Caruana, Fabiano"]
[Black "Duda, Jan Krzysztof"]
[Result "1-0"]
[WhiteElo "2784"]
[BlackElo "2725"]
[PlyCount "101"]
[EventDate "2025.07.05"]
[EventType "tourn (blitz)"]
[EventRounds "18"]
[EventCountry "CRO"]
[SourceTitle "CB28_2025"]
[SourceDate "2025.07.09"]
[SourceVersion "1"]
[SourceVersionDate "2025.07.09"]
[SourceQuality "1"]

1. e4 e5 2. Nf3 Nc6 3. Bb5 Nf6 4. d3 d6 5. 0-0 Be7 6. c3 0-0 7. Re1 a6 8. Ba4 b5 9. Bc2 Re8 10. Nbd2 Bf8 11. h3 h6 12. a4 Bb7 13. Nf1 d5 14. Qe2 b4 15. a5 Rb8 16. Ng3 bxc3 17. bxc3 Na7 18. Bd2 dxe4 19. dxe4 Nb5 20. Red1 Qc8 21. c4 Nd6 22. c5 Nb5 23. Bb4 Bc6 24. Bb3 Bd7 25. Bc4 Be6 26. Nxe5 Bxc4 27. Nxc4 Qe6 28. Rac1 Nxe4 29. Nxe4 Qxe4 30. Qxe4 Rxe4 31. Kf1 Nd4 32. f3 Ree8 33. Rxd4 Rxb4 34. c6 Rb5 35. Nd2 Rxa5 36. Rd7 Ra2 37. Ne4 Rc8 38. Nc3 Rb2 39. Nd5 Re8 40. Re1 Rxe1+ 41. Kxe1 Rxg2 42. Rxc7 Bd6 43. Rd7 Bg3+ 44. Kd1 Rf2 45. f4 Bxf4 46. Nxf4 Rxf4 47. c7 Rc4 48. Rd8+ Kh7 49. c8Q Rxc8 50. Rxc8 Kg6 51. Ke2 1-0

[Event "Zagreb Superbet Blitz"]
[Site "Zagreb"]
[Date "2025.07.05"]
[Round "3"]
[White "Caruana, Fabiano"]
[Black "Carlsen, Magnus"]
[Result "0-1"]
[WhiteElo "2784"]
[BlackElo "2839"]
[PlyCount "84"]
[EventDate "2025.07.05"]
[EventType "tourn (blitz)"]
[EventRounds "18"]
[EventCountry "CRO"]
[SourceTitle "CB28_2025"]
[SourceDate "2025.07.09"]
[SourceVersion "1"]
[SourceVersionDate "2025.07.09"]
[SourceQuality "1"]

1. e4 g6 2. d4 Bg7 3. Nc3 d6 4. Be3 a6 5. g4 b5 6. Bg2 Bb7 7. h4 h6 8. Nge2 Nf6 9. Ng3 b4 10. g5 hxg5 11. hxg5 Rxh1+ 12. Bxh1 Nfd7 13. Na4 c5 14. a3 cxd4 15. Bxd4 Bxd4 16. Qxd4 Nc6 17. Qd2 a5 18. f4 e5 19. Ne2 exf4 20. Qxf4 Nde5 21. 0-0-0 Ba6 22. Nd4 Nxd4 23. Rxd4 Qc7 24. Qf6 Rc8 25. c3 bxa3 26. bxa3 Nd7 27. Qxd6 Qxd6 28. Rxd6 Bb5 29. Nb6 Rxc3+ 30. Kb2 Rh3 31. Nxd7 Bxd7 32. Rd1 Be6 33. e5 Rb3+ 34. Kc2 Rxa3 35. Bc6+ Ke7 36. Re1 Rg3 37. Ra1 a4 38. Bxa4 Rxg5 39. Re1 Bd5 40. Kd3 Ke6 41. Be8 Rg4 42. Rf1 Bc4+ 0-1

[Event "Zagreb Superbet Rapid"]
[Site "Zagreb"]
[Date "2025.07.04"]
[Round "9"]
[White "Caruana, Fabiano"]
[Black "Saric, Ivan"]
[Result "1-0"]
[WhiteElo "2777"]
[BlackElo "2661"]
[PlyCount "61"]
[EventDate "2025.07.02"]
[EventType "tourn (rapid)"]
[EventRounds "9"]
[EventCountry "CRO"]
[EventCategory "21"]
[SourceTitle "CB28_2025"]
[SourceDate "2025.07.09"]
[SourceVersion "1"]
[SourceVersionDate "2025.07.09"]
[SourceQuality "1"]

1. d4 Nf6 2. c4 g6 3. Nc3 Bg7 4. e4 d6 5. h3 e5 6. d5 a5 7. Bg5 Na6 8. Bd3 0-0 9. Nge2 c6 10. f3 Bd7 11. Qd2 Nb4 12. a3 Nxd3+ 13. Qxd3 h6 14. Bh4 Qb6 15. Bf2 Qa6 16. a4 cxd5 17. exd5 Rac8 18. b3 e4 19. fxe4 Nxe4 20. Nxe4 Bxa1 21. Bd4 Bxd4 22. Qxd4 Bxa4 23. Nf6+ Kh8 24. Ne8+ f6 25. Nxf6 Rf7 26. 0-0 Rg7 27. Qh4 Qb6+ 28. Kh2 Qe3 29. Nf4 Rh7 30. Nxg6+ Kg7 31. Nh5+ 1-0

[Event "Zagreb Superbet Rapid"]
[Site "Zagreb"]
[Date "2025.07.02"]
[Round "2"]
[White "Caruana, Fabiano"]
[Black "Duda, Jan Krzysztof"]
[Result "1/2-1/2"]
[WhiteElo "2777"]
[BlackElo "2725"]
[PlyCount "200"]
[EventDate "2025.07.02"]
[EventType "tourn (rapid)"]
[EventRounds "9"]
[EventCountry "CRO"]
[EventCategory "21"]
[SourceTitle "CB28_2025"]
[SourceDate "2025.07.09"]
[SourceVersion "1"]
[SourceVersionDate "2025.07.09"]
[SourceQuality "1"]

1. Nf3 d5 2. c4 e6 3. g3 d4 4. Bg2 Nc6 5. 0-0 Nf6 6. d3 Be7 7. e3 dxe3 8. Bxe3 e5 9. Nc3 0-0 10. Re1 h6 11. h3 Bf5 12. d4 exd4 13. Nxd4 Nxd4 14. Bxd4 c6 15. Qb3 Qc7 16. Rad1 Rfe8 17. Ne2 Be4 18. Nf4 Bxg2 19. Kxg2 Bd6 20. Bxf6 Bxf4 21. Bd4 Rxe1 22. Rxe1 Bd6 23. Qf3 Bf8 24. Bc3 Rd8 25. h4 Qd7 26. h5 a6 27. Re4 Re8 28. Rd4 Qe6 29. a4 Bc5 30. Rg4 Bf8 31. a5 Rd8 32. Re4 Qd7 33. Qe2 Qf5 34. Re5 Qd7 35. Re3 Qf5 36. Re4 Qd7 37. Bd4 f5 38. Rf4 Bd6 39. Rf3 f4 40. Bc3 Qg4 41. Re3 Qxe2 42. Rxe2 fxg3 43. fxg3 Kf7 44. Kf3 Rd7 45. Kg4 Bc7 46. Rf2+ Ke6 47. Rf3 Rf7 48. Re3+ Kd7 49. Bb4 Bd8 50. Rd3+ Ke8 51. Re3+ Kd7 52. Bc3 Bc7 53. Re4 Bd6 54. Re2 Bc7 55. Re3 Bd6 56. Bd4 Bb8 57. Bc5 Bc7 58. b4 Bd8 59. Rd3+ Ke8 60. Rb3 Kd7 61. Bd4 Be7 62. b5 cxb5 63. cxb5 Bd8 64. Rd3 Ke6 65. b6 Be7 66. Bc3 Bd6 67. Re3+ Kd5 68. Re8 Kc4 69. Be5 Bxe5 70. Rxe5 Kb4 71. Rd5 Ka4 72. Rc5 Rf6 73. Kh4 Kb4 74. Re5 Ka4 75. g4 Kb4 76. g5 Rf4+ 77. Kg3 hxg5 78. Rxg5 Rf7 79. Kg4 Re7 80. Rf5 Re1 81. Rd5 Kc4 82. Rg5 Rf1 83. Re5 Kb4 84. Kg5 Rg1+ 85. Kf5 Rg2 86. Rd5 Rg1 87. Re5 Rg2 88. Kf4 Rf2+ 89. Kg3 Ra2 90. Re7 Rxa5 91. Kg4 Ra1 92. Rxb7 Kb5 93. Kf5 Rg1 94. Rb8 Kc6 95. Kf4 Rf1+ 96. Kg5 Rg1+ 97. Kf5 Rg2 98. Kf4 Rg1 99. Kf5 Rg2 100. Kf4 Rg1 1/2-1/2

[Event "Norway Chess 13th"]
[Site "Stavanger"]
[Date "2025.05.26"]
[Round "1"]
[White "Caruana, Fabiano"]
[Black "Nakamura, Hikaru"]
[Result "0-1"]
[WhiteElo "2776"]
[BlackElo "2804"]
[PlyCount "156"]
[EventDate "2025.05.26"]
[EventType "tourn"]
[EventRounds "10"]
[EventCountry "NOR"]
[EventCategory "22"]
[SourceTitle "CB24_2025"]
[SourceDate "2025.06.11"]
[SourceVersion "1"]
[SourceVersionDate "2025.06.11"]
[SourceQuality "1"]

1. d4 d5 2. c4 c6 3. cxd5 cxd5 4. Nc3 Nf6 5. Bf4 Nc6 6. e3 a6 7. Nf3 Bg4 8. h3 Bxf3 9. Qxf3 e6 10. Bd3 Bd6 11. Bg5 Be7 12. 0-0 0-0 13. Rac1 h6 14. Bh4 Ne8 15. Bg3 Bd6 16. Na4 Bxg3 17. Qxg3 Nd6 18. Nc5 Rc8 19. a3 a5 20. Qg4 Qe7 21. Qd1 b6 22. Na4 b5 23. Nc3 Na7 24. Qe2 Qd7 25. b3 Rc6 26. Rc2 Rfc8 27. Rfc1 g6 28. h4 Kg7 29. g3 R8c7 30. Qd2 Qc8 31. Ne2 Rxc2 32. Rxc2 Rxc2 33. Bxc2 Nc6 34. Qc3 b4 35. axb4 Nxb4 36. Qxc8 Nxc8 37. Bb1 Nd6 38. Nc3 f5 39. f3 g5 40. hxg5 hxg5 41. Kf2 Nc6 42. Bd3 Kf6 43. f4 Nb4 44. Ke2 g4 45. Kd2 Ke7 46. Bb5 Kd8 47. Ba4 Na6 48. Bb5 Nc7 49. Bc6 Kc8 50. Ke2 Kd8 51. Kd2 Na6 52. Ba4 Ke7 53. Bb5 Nb4 54. Ba4 Nf7 55. Bb5 Nh6 56. Bd3 Ng8 57. Bb1 Nf6 58. Ke1 Kd6 59. Na4 Nd7 60. Ke2 Kc6 61. Ke1 Na6 62. Bd3 Nc7 63. Nc3 Nf6 64. Na4 Nce8 65. Nc5 Ng7 66. Na4 Ne4 67. Bxe4 fxe4 68. Nc3 Nf5 69. Kf2 Kb6 70. Na4+ Kb5 71. Nc5 Kb4 72. Nb7 Kxb3 73. Nxa5+ Kc3 74. Nb7 Kd2 75. Nc5 Nxe3 76. Nb3+ Kc3 77. Nc5 Nf5 78. Nxe6 Kd2 0-1

[Event "Chess.com Classic Losers"]
[Site "Chess.com INT"]
[Date "2025.05.20"]
[Round "1.1"]
[White "Caruana, Fabiano"]
[Black "Duda, Jan Krzysztof"]
[Result "1/2-1/2"]
[WhiteElo "2776"]
[BlackElo "2739"]
[PlyCount "139"]
[EventDate "2025.05.20"]
[EventType "k.o. (blitz)"]
[EventRounds "6"]
[EventCountry "USA"]
[SourceTitle "CB21_2025"]
[SourceDate "2025.05.21"]
[SourceVersion "1"]
[SourceVersionDate "2025.05.21"]
[SourceQuality "1"]

1. Nf3 Nf6 2. c4 c6 3. d4 d5 4. e3 e6 5. b3 c5 6. Bb2 cxd4 7. exd4 Nc6 8. Nbd2 dxc4 9. bxc4 b6 10. Bd3 Bb7 11. 0-0 Be7 12. Qe2 0-0 13. Rad1 Rc8 14. Rfe1 Rc7 15. Ne4 Nb4 16. Nxf6+ Bxf6 17. Bb1 g6 18. a3 Bxf3 19. Qxf3 Nc6 20. Qe4 Bg7 21. h4 Na5 22. c5 bxc5 23. dxc5 Qe7 24. Bxg7 Kxg7 25. h5 Rxc5 26. Qd4+ e5 27. Qe3 Nc4 28. h6+ Kg8 29. Qg3 Nd6 30. Re2 Rfc8 31. Rde1 Qf6 32. Kh2 e4 33. Bxe4 Rh5+ 34. Kg1 Rxh6 35. Bf3 Rc4 36. Bg4 Rh4 37. Bh3 Ne4 38. Qd3 Rc3 39. Qd5 Ng5 40. Bd7 Rd4 41. Qa8+ Kg7 42. Qxa7 h5 43. Re8 h4 44. Be6 Rc2 45. Bf5 gxf5 46. Qa8 Re4 47. Rg8+ Kh7 48. Rf1 Rg4 49. Rf8 h3 50. g3 Rxg3+ 51. fxg3 Qb2 52. a4 Rg2+ 53. Kh1 Rxg3 54. Rg1 Rxg1+ 55. Kxg1 Qc1+ 56. Kh2 Qd2+ 57. Kg3 Qe3+ 58. Kh2 Qf2+ 59. Kh1 Qe1+ 60. Kh2 Qe2+ 61. Kh1 Qf1+ 62. Kh2 Nf3+ 63. Kg3 Qg2+ 64. Kf4 Qg4+ 65. Ke3 Qe4+ 66. Kf2 Qxa8 67. Kg3 Qxf8 68. Kf2 Qa3 69. Kg3 Qxa4 70. Kf2 1/2-1/2

[Event "Titled Tuesday intern op 20th May Late"]
[Site "Chess.com INT"]
[Date "2025.05.20"]
[Round "6"]
[White "Caruana, Fabiano"]
[Black "Naroditsky, Daniel"]
[Result "1-0"]
[WhiteElo "2776"]
[BlackElo "2619"]
[PlyCount "137"]
[EventDate "2025.05.20"]
[EventType "swiss (blitz)"]
[EventRounds "11"]
[EventCountry "USA"]
[SourceTitle "CB22_2025"]
[SourceDate "2025.05.28"]
[SourceVersion "1"]
[SourceVersionDate "2025.05.28"]
[SourceQuality "1"]

1. e4 c5 2. Nc3 Nc6 3. Bb5 Nd4 4. Nf3 e6 5. 0-0 a6 6. Bd3 Nc6 7. Nd5 g5 8. Nxg5 exd5 9. Qh5 Ne5 10. exd5 d6 11. f4 Bg4 12. Qh4 h6 13. Qe1 hxg5 14. fxe5 Bg7 15. exd6+ Kf8 16. Qg3 Bd7 17. Be4 Qe8 18. d3 Qe5 19. c3 Qxg3 20. hxg3 Be5 21. Bxg5 Bxd6 22. Bg6 Be8 23. Rf3 Kg7 24. Bf5 f6 25. Bf4 Rd8 26. Re1 Bg6 27. Bxg6 Kxg6 28. c4 Nh6 29. Re6 Bxf4 30. Rxf4 Rhf8 31. a3 Rd7 32. b4 cxb4 33. axb4 Nf5 34. g4 Nh6 35. Kf2 Kg7 36. g5 Ng8 37. gxf6+ Rxf6 38. Rfxf6 Nxf6 39. Ke3 Ng8 40. Kd4 Ne7 41. g4 Kf7 42. Kc5 Nc8 43. g5 Rc7+ 44. Kd4 Ne7 45. Rf6+ Kg7 46. c5 Rd7 47. d6 Nc6+ 48. Kc4 Ne5+ 49. Kc3 Nf7 50. Rf5 Kg6 51. Rf1 Nxg5 52. d4 Ne4+ 53. Kd3 Nf6 54. Kc4 Ne4 55. Rf4 Nf6 56. d5 Kg5 57. Rf1 Kg6 58. Kd4 Rd8 59. Re1 Rh8 60. c6 Rh4+ 61. Kc5 b6+ 62. Kxb6 Nxd5+ 63. Kc5 Nxb4 64. Rg1+ Kf6 65. d7 Nd3+ 66. Kd5 Nb4+ 67. Kd6 Rd4+ 68. Kc5 Nc2 69. Rg2 1-0

[Event "Chess.com Classic Losers"]
[Site "Chess.com INT"]
[Date "2025.05.20"]
[Round "1.2"]
[White "Duda, Jan Krzysztof"]
[Black "Caruana, Fabiano"]
[Result "1/2-1/2"]
[WhiteElo "2739"]
[BlackElo "2776"]
[PlyCount "74"]
[EventDate "2025.05.20"]
[EventType "k.o. (blitz)"]
[EventRounds "6"]
[EventCountry "USA"]
[SourceTitle "CB21_2025"]
[SourceDate "2025.05.21"]
[SourceVersion "1"]
[SourceVersionDate "2025.05.21"]
[SourceQuality "1"]

1. d4 Nf6 2. Bg5 d5 3. e3 c5 4. c3 Nc6 5. Bd3 Qb6 6. Qc1 e5 7. Bxf6 gxf6 8. dxc5 Bxc5 9. b4 Be7 10. a4 a5 11. b5 Nd8 12. Nd2 Ne6 13. Qc2 Nc5 14. Bf5 Be6 15. Ne2 0-0-0 16. 0-0 Kb8 17. Rfd1 h5 18. c4 d4 19. exd4 exd4 20. Nf3 d3 21. Bxd3 Nxd3 22. Rxd3 Rxd3 23. Qxd3 Bc5 24. Nfd4 Bg4 25. h3 Bxe2 26. Nxe2 Bxf2+ 27. Kh1 Re8 28. Rf1 h4 29. Qf3 Bc5 30. Nf4 Qd6 31. Nd5 Ka7 32. Nxf6 Re3 33. Qf5 Re5 34. Qb1 Re2 35. Qf5 Re5 36. Qf3 Re3 37. Qf5 Re5 1/2-1/2

[Event "Titled Tuesday intern op 20th May Late"]
[Site "Chess.com INT"]
[Date "2025.05.20"]
[Round "2"]
[White "Rozman, Levy"]
[Black "Caruana, Fabiano"]
[Result "0-1"]
[WhiteElo "2324"]
[BlackElo "2776"]
[PlyCount "100"]
[EventDate "2025.05.20"]
[EventType "swiss (blitz)"]
[EventRounds "11"]
[EventCountry "USA"]
[SourceTitle "CB22_2025"]
[SourceDate "2025.05.28"]
[SourceVersion "1"]
[SourceVersionDate "2025.05.28"]
[SourceQuality "1"]

1. d4 b5 2. Nf3 Bb7 3. Bf4 e6 4. e3 b4 5. Bd3 Nf6 6. h3 Be7 7. 0-0 0-0 8. Nbd2 c5 9. c3 a5 10. Bh2 d5 11. Qe2 Ne4 12. c4 Nd7 13. Rac1 Rc8 14. Rfd1 Qb6 15. cxd5 exd5 16. Bb5 Ndf6 17. dxc5 Bxc5 18. Nb3 Be7 19. Nbd4 g6 20. Qe1 Nd6 21. Bxd6 Bxd6 22. Rxc8 Rxc8 23. Rc1 Ne4 24. Rxc8+ Bxc8 25. Bc6 Nf6 26. Qe2 Kg7 27. g4 Qc5 28. Qc2 Qxc2 29. Nxc2 h5 30. g5 Ng8 31. Kg2 Ne7 32. Ba8 Bf5 33. Ncd4 Be4 34. Kf1 Bb1 35. Nb3 a4 36. Nc1 Bf5 37. h4 f6 38. gxf6+ Kxf6 39. Nd4 Bd7 40. Nd3 g5 41. hxg5+ Kxg5 42. Kg2 h4 43. f4+ Kf6 44. Nf2 Bc5 45. Bb7 a3 46. bxa3 bxa3 47. Nd3 Bxd4 48. exd4 Nf5 49. Nb4 Be6 50. Bxd5 Ne3+ 0-1

[Event "Chess.com Classic Play In"]
[Site "Chess.com INT"]
[Date "2025.05.19"]
[Round "9"]
[White "Caruana, Fabiano"]
[Black "Anton Guijarro, David"]
[Result "1-0"]
[WhiteElo "2776"]
[BlackElo "2642"]
[PlyCount "131"]
[EventDate "2025.05.19"]
[EventType "swiss (blitz)"]
[EventRounds "9"]
[EventCountry "USA"]
[SourceTitle "CB21_2025"]
[SourceDate "2025.05.21"]
[SourceVersion "1"]
[SourceVersionDate "2025.05.21"]
[SourceQuality "1"]

1. e4 c6 2. d4 d5 3. e5 Bf5 4. Bd3 Bxd3 5. Qxd3 e6 6. Ne2 c5 7. c3 Nd7 8. Nd2 Ne7 9. Nf3 Nc6 10. 0-0 Be7 11. Bd2 Qb6 12. Rab1 0-0 13. h4 cxd4 14. cxd4 Nb4 15. Bxb4 Qxb4 16. Ng5 Bxg5 17. hxg5 Rfc8 18. a3 Qc4 19. Qe3 Nb6 20. b3 Qa6 21. a4 Nd7 22. Rfc1 Nf8 23. Nc3 Ng6 24. Nb5 Qb6 25. Nd6 Rxc1+ 26. Rxc1 Ne7 27. g4 Nc6 28. Rd1 Rd8 29. Kg2 Qb4 30. Qd3 Rxd6 31. exd6 Qxd6 32. Qg3 Qd8 33. Qf4 a5 34. Rc1 Kf8 35. Rc5 Ke7 36. Qe3 Qd6 37. Rb5 Qc7 38. Qg3 Kd7 39. Qf3 Ke7 40. Rc5 Qd6 41. Qe3 Kd7 42. Qd2 e5 43. Rb5 exd4 44. Rxb7+ Ke6 45. f4 Qc5 46. f5+ Kd6 47. Rxf7 Qc3 48. Qf4+ Ne5 49. f6 Qb2+ 50. Kh3 Qc3+ 51. Qg3 Qxg3+ 52. Kxg3 gxf6 53. Rxf6+ Kc5 54. Kf4 Nd3+ 55. Kf3 Ne5+ 56. Ke2 Nxg4 57. Rf7 d3+ 58. Kd2 Ne5 59. Rxh7 Nf3+ 60. Kxd3 Nxg5 61. Rb7 Ne6 62. Rb5+ Kc6 63. Rxa5 Nc5+ 64. Rxc5+ Kxc5 65. a5 Kb5 66. b4 1-0

[Event "Chess.com Classic Play In"]
[Site "Chess.com INT"]
[Date "2025.05.19"]
[Round "6"]
[White "Caruana, Fabiano"]
[Black "Atabayev, Saparmyrat"]
[Result "1/2-1/2"]
[WhiteElo "2776"]
[BlackElo "2515"]
[PlyCount "93"]
[EventDate "2025.05.19"]
[EventType "swiss (blitz)"]
[EventRounds "9"]
[EventCountry "USA"]
[SourceTitle "CB21_2025"]
[SourceDate "2025.05.21"]
[SourceVersion "1"]
[SourceVersionDate "2025.05.21"]
[SourceQuality "1"]

1. e4 e5 2. Nf3 Nc6 3. Nc3 Nf6 4. h3 d5 5. exd5 Nxd5 6. Bb5 Nxc3 7. bxc3 Bd6 8. 0-0 0-0 9. d4 exd4 10. cxd4 Bf5 11. Bg5 Be7 12. Bxe7 Nxe7 13. Re1 c6 14. Bf1 Re8 15. c4 Ng6 16. Qb3 Qd7 17. Rad1 h6 18. a4 Rad8 19. a5 Qc7 20. Rxe8+ Rxe8 21. d5 cxd5 22. cxd5 Qxa5 23. Qxb7 Qb6 24. Qxb6 axb6 25. Bb5 Rd8 26. d6 Kf8 27. Rd4 f6 28. Nd2 Ne5 29. f4 Nf7 30. Nc4 Bd7 31. Bxd7 Rxd7 32. Nxb6 Rxd6 33. Rxd6 Nxd6 34. Nd5 Nf7 35. Kf2 Nd6 36. Kf3 Kf7 37. Ne3 f5 38. Nc2 g5 39. Nd4 Kf6 40. g3 Nc4 41. Nb3 Nb6 42. Nc5 Nd5 43. Nd3 Kg6 44. Ne5+ Kf6 45. Nd3 Kg6 46. Ne5+ Kf6 47. Nd3 1/2-1/2

[Event "Chess.com Classic Play In"]
[Site "Chess.com INT"]
[Date "2025.05.19"]
[Round "7"]
[White "Caruana, Fabiano"]
[Black "Le, Tuan Minh"]
[Result "1/2-1/2"]
[WhiteElo "2776"]
[BlackElo "2598"]
[PlyCount "63"]
[EventDate "2025.05.19"]
[EventType "swiss (blitz)"]
[EventRounds "9"]
[EventCountry "USA"]
[SourceTitle "CB21_2025"]
[SourceDate "2025.05.21"]
[SourceVersion "1"]
[SourceVersionDate "2025.05.21"]
[SourceQuality "1"]

1. e4 e5 2. Nc3 Nc6 3. a3 Nf6 4. d3 d5 5. Bg5 dxe4 6. dxe4 Be7 7. Qxd8+ Nxd8 8. Nf3 Ne6 9. Bxf6 Bxf6 10. Nd5 c6 11. Nxf6+ gxf6 12. 0-0-0 Ke7 13. b4 a5 14. Kb2 axb4 15. axb4 Ng5 16. Nd2 Rd8 17. Bc4 Be6 18. Bxe6 fxe6 19. f3 Nf7 20. Nc4 Rd4 21. Kb3 Rg8 22. Ne3 Nd6 23. c3 Rxd1 24. Rxd1 f5 25. exf5 exf5 26. g3 Ke6 27. Re1 h5 28. Ng2 Kf6 29. Rd1 Ke6 30. Re1 Kf6 31. Rd1 Ke6 32. Re1 1/2-1/2

[Event "Chess.com Classic Play In m"]
[Site "Chess.com INT"]
[Date "2025.05.19"]
[Round "1.2"]
[White "Pranesh, Munirethinam"]
[Black "Caruana, Fabiano"]
[Result "0-1"]
[WhiteElo "2576"]
[BlackElo "2776"]
[PlyCount "72"]
[EventDate "2025.05.19"]
[EventType "k.o. (blitz)"]
[EventRounds "1"]
[EventCountry "USA"]
[SourceTitle "CB21_2025"]
[SourceDate "2025.05.21"]
[SourceVersion "1"]
[SourceVersionDate "2025.05.21"]
[SourceQuality "1"]

1. e4 e5 2. Nf3 Nc6 3. Nc3 Nf6 4. Bc4 h6 5. d4 exd4 6. Nd5 d6 7. Nxd4 Be7 8. Nxe7 Qxe7 9. 0-0 0-0 10. Re1 Nxd4 11. Qxd4 Be6 12. Bd3 Nd7 13. Bf1 a5 14. a4 Qf6 15. Qd1 Rfe8 16. Ra3 Nc5 17. Rg3 Bd7 18. f3 Bxa4 19. Bd2 Qxb2 20. Bxh6 Ne6 21. Bc4 Kf8 22. Bxe6 gxh6 23. Bd5 c6 24. Bb3 Rad8 25. Bxa4 b5 26. Bb3 a4 27. Qd2 axb3 28. Qxh6+ Ke7 29. e5 Qd4+ 30. Kh1 Kd7 31. f4 bxc2 32. Ra3 dxe5 33. Qh7 Qc4 34. Ra7+ Kc8 35. Rxf7 Rd1 36. Rb7 Rxe1# 0-1

[Event "Bucharest Superbet Classic 5th"]
[Site "Bucharest"]
[Date "2025.05.10"]
[Round "4"]
[White "Caruana, Fabiano"]
[Black "Abdusattorov, Nodirbek"]
[Result "1/2-1/2"]
[WhiteElo "2776"]
[BlackElo "2771"]
[PlyCount "46"]
[EventDate "2025.05.07"]
[EventType "tourn"]
[EventRounds "9"]
[EventCountry "ROU"]
[EventCategory "20"]
[SourceTitle "CB21_2025"]
[SourceDate "2025.05.21"]
[SourceVersion "1"]
[SourceVersionDate "2025.05.21"]
[SourceQuality "1"]

1. Nf3 d5 2. c4 e6 3. g3 Nf6 4. Bg2 Be7 5. 0-0 0-0 6. d4 dxc4 7. Qc2 a6 8. a4 Nc6 9. Qxc4 h6 10. Bd2 Qd5 11. Rc1 Rd8 12. Qxd5 exd5 13. e3 Bd6 14. a5 Bf5 15. Nc3 Rac8 16. Na4 Ne4 17. Be1 Nb4 18. Ne5 Nf6 19. Bc3 Nc2 20. Ra2 Nb4 21. Raa1 Nc2 22. Ra2 Nb4 23. Raa1 Nc2 1/2-1/2

[Event "Bucharest Superbet Classic 5th"]
[Site "Bucharest"]
[Date "2025.05.08"]
[Round "2"]
[White "Caruana, Fabiano"]
[Black "Praggnanandhaa, Rameshbabu"]
[Result "1/2-1/2"]
[WhiteElo "2776"]
[BlackElo "2758"]
[PlyCount "100"]
[EventDate "2025.05.07"]
[EventType "tourn"]
[EventRounds "9"]
[EventCountry "ROU"]
[EventCategory "20"]
[SourceTitle "CB21_2025"]
[SourceDate "2025.05.21"]
[SourceVersion "1"]
[SourceVersionDate "2025.05.21"]
[SourceQuality "1"]

1. c4 e5 2. Nc3 Bb4 3. Nd5 Bc5 4. e3 Nf6 5. Ne2 Nxd5 6. cxd5 0-0 7. Nc3 d6 8. Be2 Nd7 9. 0-0 a6 10. a3 Ba7 11. b4 Nf6 12. Bb2 c6 13. dxc6 bxc6 14. Rc1 Bb7 15. f4 c5 16. Qe1 cxb4 17. axb4 Qe7 18. Qh4 h6 19. b5 axb5 20. Nxb5 Bb8 21. Bc3 Rc8 22. Rb1 Bc6 23. Rb4 d5 24. fxe5 Bxe5 25. Nd4 Bd7 26. Rb7 Qe8 27. Bd3 Rcb8 28. Rxb8 Rxb8 29. Bf5 Rb6 30. Bxd7 Nxd7 31. Ne2 Nf6 32. Bxe5 Qxe5 33. Nd4 Rb2 34. Qf2 Kh7 35. Nf3 Qb8 36. Qe2 Qb5 37. Qxb5 Rxb5 38. Ne5 Rb2 39. d3 Rd2 40. g4 Re2 41. Rf3 Kg8 42. h4 Rd2 43. Kf1 h5 44. gxh5 Nxh5 45. Rxf7 Rxd3 46. Rxg7+ Nxg7 47. Nxd3 Nf5 48. Nf4 Nxe3+ 49. Ke2 Nf5 50. Nxd5 Nxh4 1/2-1/2

[Event "Bucharest Superbet Classic 5th"]
[Site "Bucharest"]
[Date "2025.05.07"]
[Round "1"]
[White "Duda, Jan Krzysztof"]
[Black "Caruana, Fabiano"]
[Result "1/2-1/2"]
[WhiteElo "2739"]
[BlackElo "2776"]
[PlyCount "145"]
[EventDate "2025.05.07"]
[EventType "tourn"]
[EventRounds "9"]
[EventCountry "ROU"]
[EventCategory "20"]
[SourceTitle "CB21_2025"]
[SourceDate "2025.05.21"]
[SourceVersion "1"]
[SourceVersionDate "2025.05.21"]
[SourceQuality "1"]

1. e4 c5 2. Nf3 e6 3. d4 cxd4 4. Nxd4 Nf6 5. Nc3 Nc6 6. a3 d6 7. Be3 Be7 8. Be2 0-0 9. Qd2 e5 10. Nb3 Nxe4 11. Nxe4 d5 12. Nc3 d4 13. Rd1 Be6 14. Nxd4 exd4 15. Bxd4 Nxd4 16. Qxd4 Qxd4 17. Rxd4 Rac8 18. Bd3 Bxa3 19. bxa3 Rxc3 20. Ra4 Ra8 21. Kd2 Rc5 22. Rb1 Bd5 23. Be4 Bxe4 24. Rxe4 b6 25. c4 Rac8 26. Rb4 Kf8 27. Kc3 Ra5 28. a4 Re8 29. Rf4 Re1 30. h4 g6 31. Kb3 Rb1+ 32. Kc3 Ra1 33. Kb3 Kg7 34. g3 h6 35. Rd4 Re5 36. Rd2 Re4 37. Rb2 Rd4 38. c5 bxc5 39. Rxd4 cxd4 40. Rd2 Rf1 41. Kc4 Kf6 42. Kxd4 Ra1 43. Ke3 Rxa4 44. Rd7 Ra3+ 45. Kf4 Ra4+ 46. Ke3 Ke6 47. Rc7 h5 48. f3 a5 49. Ra7 f6 50. Ra8 Ke5 51. Re8+ Kf5 52. Ra8 Ra3+ 53. Ke2 a4 54. Ra5+ Ke6 55. Kf2 Ra1 56. g4 hxg4 57. fxg4 a3 58. Ra7 f5 59. h5 gxh5 60. g5 Ra2+ 61. Kg3 Ra1 62. Kf2 a2 63. g6 Rb1 64. g7 Rb8 65. Rxa2 Kf6 66. Kg3 Kxg7 67. Kf4 Rf8 68. Kg5 h4 69. Kxh4 f4 70. Kg4 f3 71. Rf2 Kg8 72. Rxf3 Rxf3 73. Kxf3 1/2-1/2

[Event "Titled Tuesday intern op 06th May Early"]
[Site "Chess.com INT"]
[Date "2025.05.06"]
[Round "3"]
[White "Caruana, Fabiano"]
[Black "Bardyk, Artem"]
[Result "1-0"]
[WhiteElo "2776"]
[BlackElo "2284"]
[PlyCount "119"]
[EventDate "2025.05.06"]
[EventType "swiss (blitz)"]
[EventRounds "11"]
[EventCountry "USA"]
[SourceTitle "CB20_2025"]
[SourceDate "2025.05.14"]
[SourceVersion "1"]
[SourceVersionDate "2025.05.14"]
[SourceQuality "1"]

1. e4 c6 2. d4 d5 3. e5 Bf5 4. c4 e6 5. Nc3 Ne7 6. Nge2 Nd7 7. Ng3 Bg6 8. h4 h6 9. h5 Bh7 10. a3 dxc4 11. Bxc4 Nb6 12. Bb3 Ned5 13. Nce4 Be7 14. Qg4 Kf8 15. 0-0 a5 16. Bd2 a4 17. Ba2 Qd7 18. Rad1 Nc7 19. Nc5 Bxc5 20. dxc5 Nbd5 21. Bb1 Bxb1 22. Rxb1 Ne7 23. Rbd1 Ncd5 24. Ne4 Nf5 25. Nd6 Kg8 26. Rfe1 Kh7 27. Re4 Rhf8 28. Rxa4 Rxa4 29. Qxa4 f6 30. Qe4 Kg8 31. Re1 Nxd6 32. cxd6 fxe5 33. Qxe5 Rd8 34. Qxe6+ Qxe6 35. Rxe6 Kf7 36. Re4 Rxd6 37. Rd4 g6 38. hxg6+ Kxg6 39. a4 c5 40. Rd3 h5 41. a5 Kf5 42. Kf1 Ke6 43. Ke2 Nf6 44. Rxd6+ Kxd6 45. Kf3 Ng4 46. Kg3 Kd5 47. Bc3 Kc4 48. f4 Ne3 49. Kf3 Nf5 50. Ke4 Nd6+ 51. Ke5 Nf7+ 52. Ke6 Nd8+ 53. Kd7 Nf7 54. Kc7 h4 55. Kxb7 Nd6+ 56. Kc6 Nf5 57. a6 Ne3 58. a7 Nxg2 59. a8Q h3 60. Qa2+ 1-0

[Event "Titled Tuesday intern op 06th May Early"]
[Site "Chess.com INT"]
[Date "2025.05.06"]
[Round "7"]
[White "Caruana, Fabiano"]
[Black "Bok, Benjamin"]
[Result "1-0"]
[WhiteElo "2776"]
[BlackElo "2591"]
[PlyCount "99"]
[EventDate "2025.05.06"]
[EventType "swiss (blitz)"]
[EventRounds "11"]
[EventCountry "USA"]
[SourceTitle "CB20_2025"]
[SourceDate "2025.05.14"]
[SourceVersion "1"]
[SourceVersionDate "2025.05.14"]
[SourceQuality "1"]

1. e4 c5 2. Nf3 d6 3. Bb5+ Nd7 4. 0-0 a6 5. Bd3 Ngf6 6. Re1 g6 7. c3 Bg7 8. Bc2 0-0 9. d4 e5 10. a4 exd4 11. cxd4 cxd4 12. Nxd4 Re8 13. Nc3 Nc5 14. h3 b6 15. b4 Ncd7 16. b5 Bb7 17. bxa6 Rxa6 18. Ndb5 Bxe4 19. Nxe4 Nxe4 20. Ra3 Ndc5 21. Bf4 h5 22. Rae3 Nf6 23. Nxd6 Rxe3 24. Rxe3 Qd7 25. Qe2 Ra8 26. Re7 Qc6 27. Rxf7 Re8 28. Rxg7+ Kxg7 29. Nxe8+ Qxe8 30. Qxe8 Nxe8 31. Be3 Nd7 32. Bd4+ Kf7 33. Kh2 Nd6 34. Kg3 Nb7 35. Kf4 Nbc5 36. Ke3 g5 37. g3 Ke7 38. Bd1 h4 39. gxh4 gxh4 40. f4 Ne6 41. Bc3 Kd6 42. Be1 Nec5 43. Bxh4 Nf8 44. Bg3 Kd5 45. f5 Nfd7 46. h4 Nf6 47. h5 Nxh5 48. Bxh5 Nxa4 49. f6 Ke6 50. f7 1-0